Statistiques concernant Mots en H par définition

Cliquez ici pour prendre le quiz!

Statistiques générales

  • Ce quiz a été pris 151 fois
  • Le résultat moyen est 16 sur 20

Statistiques - réponses

GenreDéfinitionMot% Correct
Nom FémininInstrument formé d'un fer tranchant fixé à l'extrémité d'un manche, qui sert à couper, à fendre.Hache
99%
Nom FémininDimension de quelque chose de sa base à son sommet.Hauteur
98%
Nom Masculin & AdjectifSe dit de quelqu'un que son désir sexuel porte vers des personnes de même sexe.Homosexuel
94%
Nom MasculinMesure de superficie égale à cent ares, ou dix mille mètres carrés (symbole ha).Hectare
93%
Nom MasculinSport d'équipe pratiqué avec une crosse.Hockey
93%
Nom MasculinÉtablissement commercial qui met à la disposition d'une clientèle itinérante des chambres meublées pour un prix journalier.Hôtel
90%
Nom MasculinGros mammifère herbivore barbotant en groupe dans les fleuves d'Afrique tropicale, au corps massif, aux pattes courtes, à peau dépourvue de poils, aux canines développées en boutoirs.Hippopotame
88%
Nom FémininSubstance grasse, liquide à la température ordinaire et insoluble dans l'eau, d'origine végétale, animale ou minérale, employée à de nombreux usages.Huile
88%
Nom MasculinGaz rare le plus léger. Élément de symbole He, de numéro atomique 2, de masse atomique 4,0026.Hélium
87%
Nom MasculinFenêtre munie d'un verre épais et pouvant fermer hermétiquement, aménagée dans la coque d'un navire.Hublot
87%
Nom FémininInstrument de musique à cordes pincées, de forme triangulaire et dont les cordes, tendues parallèlement à la table d'harmonie, sonnent à vide.Harpe
86%
Nom FémininCabane faite de branchage, de paille, de terre séchée, et pouvant servir d'abri ou d'habitation.Hutte
85%
Nom FémininEnsemble des soins apportés au corps pour le maintenir en état de propreté et de bonne santé.Hygiène
83%
Nom FémininPetite plante qui pousse naturellement partout quand les conditions lui sont favorables, dont la tige molle et verte meurt chaque année.Herbe
80%
Nom FémininAppareil de propulsion, de traction ou de sustentation, constitué par des pales dont les surfaces sont disposées régulièrement autour d'un moyeu actionné par un moteur et appliqué aux navires, aux torpilles, aux aéronefs.Hélice
75%
Nom MasculinPlante (cannabinacée) grimpante aromatique cultivée pour ses inflorescences femelles en cônes, utilisées pour parfumer la bière.Houblon
75%
Nom MasculinArbre ou arbuste (aquifoliacée) des régions froides et tempérées, à feuilles persistantes dentées, épineuses ou entières, aux fruits rouges.Houx
68%
NomAdepte d'une morale fondée sur la non-violence et l'hostilité à la société industrielle, et d'un mode de vie prônant la liberté dans tous les domaines, ainsi que la vie en communauté.Hippy / Hippie
55%
Nom MasculinMatière colloïdale du sol issue de la décomposition et de la transformation chimique et biologique des débris végétaux.Humus
54%
Nom FémininIdée, opinion, pratique qui s'oppose aux idées, aux opinions généralement admises.Hérésie
23%

Distribution des résultats

Percentile par nombre de réponses

% des personnes avec chaque résultat

Votre développement - résultats

Vous n’avez pas pris ce quiz